UBT Library

Lies my teacher told me : (Record no. 44192)

000 -LEADER
fixed length control field 00781cam a2200241 a 4500
001 - CONTROL NUMBER
control field 1123265
005 - DATE AND TIME OF LATEST TRANSACTION
control field 20180306075455.0
008 - FIXED-LENGTH DATA ELEMENTS--GENERAL INFORMATION
fixed length control field 940203s1994 nyua b 001 0 eng
010 ## - LIBRARY OF CONGRESS CONTROL NUMBER
LC control number 94005925
020 ## - INTERNATIONAL STANDARD BOOK NUMBER
International Standard Book Number 156584100X :
Terms of availability $24.95
040 ## - CATALOGING SOURCE
Original cataloging agency DLC
Transcribing agency DLC
Modifying agency DLC
041 ## - LANGUAGE CODE
Language code of text/sound track or separate title eng
043 ## - GEOGRAPHIC AREA CODE
Geographic area code n-us---
080 ## - UNIVERSAL DECIMAL CLASSIFICATION NUMBER
Universal Decimal Classification number 973 LOE
082 00 - DEWEY DECIMAL CLASSIFICATION NUMBER
Classification number 973 LOE
Edition number 20
100 1# - Rafti
Rafti 25
101 ## - Shkurtesa
Shkurtesa EDU
245 10 - TITLE STATEMENT
Title Lies my teacher told me :
Statement of responsibility, etc James W. Loewen.
504 ## - BIBLIOGRAPHY, ETC. NOTE
Bibliography, etc Includes bibliographical references (p. 313-364) and index.
906 ## - LOCAL DATA ELEMENT F, LDF (RLIN)
a 7
b cbc
c orignew
d 1
e ocip
f 19
g y-gencatlg
942 ## - ADDED ENTRY ELEMENTS (KOHA)
Source of classification or shelving scheme
Item type Books

No items available.

UBT Library © 2015-2024. All rights reserved University Education for Business and Technology